Language by Stephen King Book Cover Quiz Stats

 Plays Quiz Updated Jan 20, 2018

Challenge
Share
Tweet
Score 0/25 Timer 08:00
2 Plays Today
% Correct
Japanese
95.9%
Italian
95.5%
German
91.6%
Spanish
87.4%
Russian
86%
Portuguese
81.2%
Arabic
78.9%
Chinese
72.1%
Greek
69.6%
Korean
67.2%
Dutch
63.8%
French
61.1%
Finnish
57.4%
% Correct
Norwegian
53.6%
Swedish
50.9%
Polish
49.1%
Danish
46.6%
Serbian
44.2%
Czech
41.6%
Hebrew
39%
Hungarian
38.4%
Icelandic
37%
Turkish
34.1%
Bulgarian
29.7%
Romanian
22.8%

You're not logged in!

Compare scores with friends on all Sporcle quizzes.
Join for Free
OR
Log In

You Might Also Like...

Show Comments

Extras

Top Quizzes Today


Score Distribution

Your Account Isn't Verified!

In order to create a playlist on Sporcle, you need to verify the email address you used during registration. Go to your Sporcle Settings to finish the process.

Report this User

Report this user for behavior that violates our Community Guidelines.

Details: